| 000 | 00601nam a2200205Ii 4500 | ||
|---|---|---|---|
| 003 | JO-AjNU | ||
| 008 | 230605s9999||||xx |||||||||||||| ||und|| | ||
| 017 | _a1992/6/373 | ||
| 040 |
_aJO-AjNU _bara _erda _cJO-AjNU |
||
| 041 | _aara | ||
| 050 | 1 | 4 | _aPJ7864.A33.A17 1992 |
| 100 | 3 |
_aالتايه، نوزت أبو شوشه, _eauthor _952907 |
|
| 245 | 0 | 0 | _aنفحات من بلادي |
| 264 | 3 | 1 | _aعمان: د.ن، 1992 |
| 300 | _a87ص | ||
| 336 |
_atext _btxt _2rdacontent |
||
| 337 |
_aunmediated _bn _2rdamedia |
||
| 338 |
_avolume _bnc _2rdacarrier |
||
| 650 | 4 |
_aالشعر العربي _952908 |
|
| 999 |
_aA23464 _c27032 _d27032 |
||